[Event "Cancun Camara Cup 11th"]
[Site "Cancun"]
[Date "2023.10.14"]
[Round "7"]
[White "Diaz Rosas, Julio Cesar"]
[Black "Orellana A, Carlos E"]
[Result "1/2-1/2"]
[WhiteElo "2337"]
[BlackElo "1947"]
[PlyCount "232"]
[EventDate "2023.10.11"]
[EventType "swiss"]
[EventRounds "9"]
[EventCountry "MEX"]
[SourceTitle "CBM 216 Extra"]
[Source "ChessBase"]
[SourceDate "2023.11.30"]
[SourceVersion "1"]
[SourceVersionDate "2023.11.30"]
[SourceQuality "1"]

1. e4 c5 2. Nf3 d6 3. d4 cxd4 4. Nxd4 Nf6 5. Nc3 Nc6 6. Bg5 e6 7. Qd2 a6 8. 0-0-0 Bd7 9. Kb1 Be7 10. Nxc6 Bxc6 11. f3 b5 12. h4 Qb6 13. Ne2 0-0-0 14. Nd4 Kb7 15. Rc1 d5 16. e5 Ng8 17. Be3 Bc5 18. b4 Bxd4 19. Bxd4 Qc7 20. Bd3 Ne7 21. h5 Nc8 22. h6 g6 23. Qe3 Nb6 24. Bxb6 Qxb6 25. Qxb6+ Kxb6 26. Rce1 Ra8 27. Kb2 Ra7 28. Kc3 a5 29. a3 axb4+ 30. axb4 Ra3+ 31. Kd4 Rha8 32. Rb1 R3a4 33. Ke3 Kc7 34. Kf4 Kd7 35. Kg5 Ke7 36. g4 Bd7 37. f4 Rc8 38. Rb3 Ra2 39. Re1 Ra4 40. Kh4 Rca8 41. Kg3 Rc8 42. Kf3 Rca8 43. Ke3 Rc8 44. Kd4 Rca8 45. Reb1 Rc8 46. Rc3 Rxc3 47. Kxc3 Ra8 48. Kd4 Ra4 49. Kc5 Ra8 50. Rf1 Rc8+ 51. Kd4 Ra8 52. Rg1 Ra6 53. Kc3 Rc6+ 54. Kb2 Ra6 55. Rh1 Ra4 56. Kc3 Ra8 57. Kd4 Ra7 58. Rb1 Ra8 59. Rb3 Ra4 60. Be2 Kd8 61. Kc5 Ra8 62. Bd3 Rc8+ 63. Kd4 Ra8 64. Rc3 Ra4 65. Kc5 Ra8 66. Kb6 Ra4 67. Rb3 Ra8 68. Kb7 Ra4 69. Rb1 Ra2 70. Rf1 Ra4 71. f5 exf5 72. gxf5 gxf5 73. Bxf5 Bxf5 74. Rxf5 Ke7 75. Rf4 Ke6 76. Kb6 Kxe5 77. Rxf7 Rxb4 78. Rxh7 Kf6 79. Rc7 Rh4 80. Kxb5 Ke5 81. h7 Kd6 82. Rg7 Ke5 83. c3 Ke6 84. Kb6 Kd6 85. Kb7 Rh3 86. Kb8 Ke5 87. Rc7 Ke4 88. Rd7 Ke5 89. Kb7 Ke6 90. Rc7 Ke5 91. Kb6 Kd6 92. Rg7 Ke5 93. Kb5 Rh4 94. Kc6 Ke6 95. Rg3 Rc4+ 96. Kb5 Rh4 97. Rg6+ Ke5 98. Rg7 Ke6 99. Ra7 Kd6 100. Kb6 Rh3 101. Rb7 Ke5 102. Ka7 Ke4 103. Rf7 Ke5 104. Kb8 Ke6 105. Rc7 Ke5 106. Kc8 Ke4 107. Re7+ Kd3 108. Kd7 Rh5 109. Ke6 Kxc3 110. Kf6 d4 111. Kg6 Rh1 112. Rc7+ Kb2 113. Rc5 Rxh7 114. Kxh7 d3 115. Rd5 Kc2 116. Rxd3 Kxd3 1/2-1/2

[Event "Cancun Camara Cup 11th"]
[Site "Cancun"]
[Date "2023.10.13"]
[Round "5"]
[White "Perez Marimon, Jorge De Jesus"]
[Black "Orellana A, Carlos E"]
[Result "1/2-1/2"]
[WhiteElo "2307"]
[BlackElo "1947"]
[PlyCount "55"]
[EventDate "2023.10.11"]
[EventType "swiss"]
[EventRounds "9"]
[EventCountry "MEX"]
[SourceTitle "CBM 216 Extra"]
[Source "ChessBase"]
[SourceDate "2023.11.30"]
[SourceVersion "1"]
[SourceVersionDate "2023.11.30"]
[SourceQuality "1"]

1. d4 Nf6 2. Bf4 d6 3. Nc3 g6 4. e4 Bg7 5. Qd2 0-0 6. 0-0-0 c6 7. Bh6 b5 8. Bd3 b4 9. Nce2 Qa5 10. Kb1 Be6 11. b3 Qa3 12. Nc1 Bxh6 13. Qxh6 a5 14. f3 a4 15. Rd2 c5 16. d5 Bxd5 17. exd5 Nxd5 18. Nh3 Nd7 19. Nf4 Nc3+ 20. Ka1 Nf6 21. g4 Rfc8 22. Bc4 axb3 23. cxb3 d5 24. Nxd5 Nfxd5 25. Bxd5 Nxd5 26. Rxd5 c4 27. bxc4 Rxc4 28. Qd2 1/2-1/2

[Event "Cancun Camara Cup 11th"]
[Site "Cancun"]
[Date "2023.10.12"]
[Round "2"]
[White "Orellana A, Carlos E"]
[Black "Galaviz Medina, Sion Radamantys"]
[Result "0-1"]
[WhiteElo "1947"]
[BlackElo "2454"]
[PlyCount "64"]
[EventDate "2023.10.11"]
[EventType "swiss"]
[EventRounds "9"]
[EventCountry "MEX"]
[SourceTitle "CBM 216 Extra"]
[Source "ChessBase"]
[SourceDate "2023.11.30"]
[SourceVersion "1"]
[SourceVersionDate "2023.11.30"]
[SourceQuality "1"]

1. e4 c5 2. Nf3 d6 3. d4 cxd4 4. Nxd4 Nf6 5. Nc3 a6 6. Bg5 e6 7. Qf3 Be7 8. 0-0-0 Qc7 9. Qg3 Nbd7 10. f4 h6 11. Bh4 g5 12. fxg5 Rg8 13. Be2 Ne5 14. Qe1 hxg5 15. Bg3 Bd7 16. Rf1 Rc8 17. Qd2 b5 18. a3 Qb7 19. Bxe5 dxe5 20. Nf3 a5 21. Nxe5 Rc5 22. Nd3 Rc7 23. e5 b4 24. axb4 axb4 25. Nxb4 Qxb4 26. exf6 Rb7 27. Bb5 Bxb5 28. fxe7 Rd7 29. Qf2 Bxf1 30. Rxd7 Kxd7 31. Qa7+ Kd6 32. Na4 Qe1# 0-1